000 01952nam a2200325Ia 4500
999 _c53165
_d53165
001 20204
003 GE_BSU
005 20200610183534.0
008 181216s2012||||ge |||||||||||||| ||geo||
020 _a9789941177644
040 _cGE_BSU
041 _ageo
080 _a72(5):7(5) კ-80
100 _aკოშორიძე, ირინა.
_98327
245 _aისლამური ხელოვნება :
_bარქიტექტურა, სახვითი ხელოვნება, დეკორატიულ-გამოყენებითი ხელოვნება (VII-XIX საუკუნეები) /
_cირინა კოშორიძე ; სამეცნ. რედ.: ნინო სიმონიშვილი, გრიგოლ ბერაძე ; ფოტოები ავტორის ; საქ. ეროვნ. მუზეუმი.
264 _aთბილისი :
_bუნივერსალი,
_c2012.
300 _a177 გვ. :
_bფოტ. ;
_c29 სმ.
501 _aლექსიკონი : გვ. 164-169
504 _a ბიბლიოგრ. : გვ. 170-177
653 _aარქიტექტურა
653 _aისლამური ხელოვნება
653 _a ისლამური არქიტექტურა
653 _aისლამური სახვითი ხელოვნება
653 _a ისლამური დეკორატიულ-გამოყენებითი ხელოვნება
653 _aხელოვნება
700 _aსიმონიშვილი, ნინო
_eრედაქტორი
_98328
700 _aბერაძე, გრიგოლ
_eრედაქტორი
_95519
710 _aსაქართველოს ეროვნული მუზეუმი
_91941
942 _cBK
_2udc